Normal view
MARC view
- Hamilton,Helen/William Fellows Hunter
Entry Personal Name
001 - CONTROL NUMBER
- control field: 2937
003 - CONTROL NUMBER IDENTIFIER
- control field: JO-AjAnu
005 - DATE AND TIME OF LATEST TRANSACTION
- control field: 20230606070802.0
008 - FIXED-LENGTH DATA ELEMENTS
- fixed length control field: 230606|| aca||aabn | a|a d
040 ## - CATALOGING SOURCE
- Original cataloging agency: JO-AjAnu
- Transcribing agency: JO-AjAnu
100 ## - HEADING--PERSONAL NAME
- Personal name: Hamilton,Helen/William Fellows Hunter
670 ## - SOURCE DATA FOUND
- Source citation: Work cat.: (JO-AjAnu)1539: Hamilton,Helen/William Fellows Hunter, author, Office Practice and procedures for the Middle East Book2